| 000 | 01405nam a2200289 i 4500 | ||
|---|---|---|---|
| 003 | DO-SdBNP | ||
| 005 | 20240620152014.0 | ||
| 007 | ta | ||
| 008 | 240620s1997 mx 000 j spa d | ||
| 020 | _a9681649109 | ||
| 040 |
_aDO-SdBNP _bspa _cBNPHU _erda |
||
| 082 |
_bG216 _222 |
||
| 100 |
_aGarcía Ugarte, Marta Eugenia _eautora _985722 |
||
| 245 | 1 | 0 |
_aGénesis del porvenir : _bsociedad y política en Querétaro (1913-1940) / _cMarta Eugenia García Ugarte ; prólogo David A. Brading |
| 264 | 1 |
_aMéxico : _bInstituto de Investigaciones sociales/ UNAM, _bGobierno del Estado de Querétaro, _bFondo de Cultura Económica, _c1997. |
|
| 300 |
_a516 páginas, _c23 cm. |
||
| 336 |
_2rdacontent _atexto _btxt |
||
| 337 |
_2rdamedia _asin mediación _bn |
||
| 338 |
_2rdacarrier _avolumen _bnc |
||
| 500 | _aIncluye notas a pie de páginas. | ||
| 504 | _aBibliografía p: 507-513 | ||
| 520 | _aEste trabajo documenta la historia regional de Querétaro a partir del estallido revolucionario de 1910 hasta el llamado período posrevolucionario. Pasando por alto las causas que decidieron la lucha, el estudio se centra en la crónica política social y económica del entretejimiento de los programas e ideales que animaron la acción contra el gobierno. de Díaz. | ||
| 590 | _aInventariado, 2024/ YL | ||
| 700 | 1 |
_aBrading, David A. _eprólogo _985717 |
|
| 910 | _aYLockward | ||
| 942 |
_2ddc _cLBS1 |
||
| 999 |
_c56913 _d56913 |
||